Barriers and the theory of binding
| Published in: | Representation and derivation in the theory of grammar, ed. by Hubert Haider and Klaus Netter, Dordrecht, 1991, p. 217-250 (Studies in natural language and linguistic theory) |
|---|---|
| Main Author: | |
| Content type: | Article |
| Published: |
1991
|
| Source: | MPIPL_cat |
| _version_ | 1863686999796350978 |
|---|---|
| author | Fanselow, Gisbert |
| author_facet | Fanselow, Gisbert |
| author_search | Fanselow, Gisbert |
| author_sort | Fanselow, Gisbert |
| author_variant | g f gf |
| collection_details | MPIPL |
| container_reference | p. 217-250 |
| container_start_page | 217 |
| container_title | Representation and derivation in the theory of grammar |
| dedup_id_str | MPIPL_cat.PL0031473 |
| dewey-hierarchy | 0/[Unassigned]/ |
| dewey-hierarchy_str | 0/[Unassigned]/ |
| first_indexed | 2024-07-08T10:27:10Z |
| format | 0/Artikel/ |
| format_str | 0/Artikel/ |
| fullrecord | <?xml version="1.0" encoding="UTF-8"?>
<collection xmlns:xsi="http://www.w3.org/2001/XMLSchema-instance" xsi:schemaLocation="http://www.loc.gov/MARC21/slim http://www.loc.gov/standards/marcxml/schema/MARC21slim.xsd" xmlns="http://www.loc.gov/MARC21/slim">
<record>
<leader>00000naa a2200000 u 4500</leader>
<controlfield tag="001">PL0031473</controlfield>
<controlfield tag="003">PLI01000000000000000031369</controlfield>
<controlfield tag="005">00000000000000.0</controlfield>
<controlfield tag="008"> ||| u </controlfield>
<datafield tag="100" ind1="1" ind2=" ">
<subfield code="a">Fanselow, Gisbert</subfield>
</datafield>
<datafield tag="245" ind1="0" ind2="0">
<subfield code="a">Barriers and the theory of binding</subfield>
<subfield code="c">Gisbert Fanselow</subfield>
</datafield>
<datafield tag="260" ind1=" " ind2=" ">
<subfield code="c">1991</subfield>
</datafield>
<datafield tag="952" ind1=" " ind2=" ">
<subfield code="j">1991</subfield>
<subfield code="h">p. 217-250</subfield>
</datafield>
<datafield tag="996" ind1=" " ind2=" ">
<subfield code="a">Aufsatz</subfield>
</datafield>
<datafield tag="997" ind1=" " ind2=" ">
<subfield code="a">book chapter</subfield>
</datafield>
<datafield tag="773" ind1="0" ind2="8">
<subfield code="t">Representation and derivation in the theory of grammar</subfield>
<subfield code="a">ed. by Hubert Haider and Klaus Netter</subfield>
<subfield code="d">Dordrecht, 1991</subfield>
<subfield code="g">p. 217-250</subfield>
<subfield code="k">Studies in natural language and linguistic theory</subfield>
<subfield code="w">MPIPL_cat.PL0031467</subfield>
<subfield code="z">0-7923-1150-7</subfield>
<subfield code="i">In:</subfield>
</datafield>
</record>
</collection>
|
| hierarchy_parent_id | MPIPL_cat.PL0031467 |
| hierarchy_parent_title | Representation and derivation in the theory of grammar |
| id | MPIPL_cat.PL0031473 |
| illustrated | Not Illustrated |
| institution | MPIPL_cat |
| institution_str | MPIPL_cat |
| isbn | 9780792311508 0-7923-1150-7 |
| language | und |
| language_str | und |
| last_indexed | 2026-04-27T23:41:20Z |
| local_fields | Aufsatz |
| online | false |
| online_MPIPL_cat | false |
| online_str | false |
| publishDate | 1991 |
| publishDate_str | 1991 |
| record_format | marc |
| spelling | Fanselow, Gisbert Barriers and the theory of binding Gisbert Fanselow 1991 Representation and derivation in the theory of grammar ed. by Hubert Haider and Klaus Netter Dordrecht, 1991 p. 217-250 Studies in natural language and linguistic theory 0-7923-1150-7 In |
| spellingShingle | Fanselow, Gisbert Barriers and the theory of binding |
| title | Barriers and the theory of binding |
| title_full | Barriers and the theory of binding Gisbert Fanselow |
| title_fullStr | Barriers and the theory of binding Gisbert Fanselow |
| title_full_unstemmed | Barriers and the theory of binding Gisbert Fanselow |
| title_search | Barriers and the theory of binding |
| title_short | Barriers and the theory of binding |
| title_sort | barriers and the theory of binding gisbert fanselow |